000
00336nam a2200145Ia 4500
008
150201s2011 xx 000 0 und d
082
_a
618.1
_b
G11P
100
_a
PADUBIDRI
245
_a
SHAW'S TB. OF GYNAECOLOGY
250
_a
15TH
260
_b
ELSEVIER
_a
INDIA
_c
2011
300
_a
544
650
_a
OBST. & GYNEA.
942
_2
ddc
_c
BK
999
_c
1930
_d
1930